000
00273nam a2200109Ia 4500
008
220204s9999 xx 000 0 und d
082
_a
030.1:801.31
_b
DUN
100
_a
Dunkling, Leslie
245
0
_a
Guinness book of names
260
_a
Enfield
_b
Guinness
_c
1974
942
_c
BK
999
_c
33242
_d
33242